| 000 | 01020nam a2200229 a 4500 | ||
|---|---|---|---|
| 001 | 48693 | ||
| 003 | BD-RjUL | ||
| 005 | 20211209054553.0 | ||
| 008 | 160816s1989 bg ||||| |||| 00| 0 ben d | ||
| 035 | _a(BD-RjUL)48812 | ||
| 040 |
_aBD-RjUL _bben _cBD-RjUL |
||
| 041 | _aben | ||
| 082 |
_223 _a301.24 _bBIG 1989 |
||
| 245 |
_aবিজ্ঞান ও সমাজ / _cমুহাম্মদ হাসান ইমাম ও মোহাম্মদ মনজুর হোসেন সম্পাদিত |
||
| 260 |
_aরাজশাহী : _bবিজ্ঞান সমাজ পরিষদ, _c১৯৮৯ |
||
| 300 |
_a[৮],১২২ পৃ. ; _c২১ সেমি |
||
| 650 |
_aবিজ্ঞান ও সভ্যতা _9146970 |
||
| 650 |
_aScience and civilization. _9146971 |
||
| 700 |
_aহাসান ইমাম, মুহাম্মদ ,সম্পাদক _9146972 |
||
| 700 |
_aহোসেন, মোহাম্মদ মনজুর , সম্পাদক _9146973 |
||
| 942 |
_2ddc _cBK |
||
| 999 |
_c48693 _d48693 |
||